Countries Never Invaded by Britain - Statistics

General Stats
  • This quiz has been taken 134 times
    133 since last reset
  • The average score is 8 of 22
Answer Stats
Country % Correct
Brazil
67%
Mongolia
57%
Vatican City
50%
Bolivia
49%
Paraguay
46%
Chad
42%
Liechtenstein
41%
Sweden
41%
Andorra
40%
Uzbekistan
34%
Luxembourg
33%
Tajikistan
33%
Central African Republic
31%
Mali
29%
Belarus
27%
Kyrgyzstan
27%
Congo, Republic of
26%
Ivory Coast
22%
Guatemala
21%
Burundi
20%
Sao Tome and Principe
20%
Marshall Islands
12%
No matching quizzes found
Score Distribution
Percent of People with Each Score
Percentile by Number Answered
Your Score History
You have not taken this quiz since the last reset